| 000 | 00554nam a2200169 4500 | ||
|---|---|---|---|
| 001 | 121700 | ||
| 003 | ES-MaACL | ||
| 005 | 20230906191814.0 | ||
| 007 | t| | ||
| 008 | 070214s1956 sp r ||||1| cat d | ||
| 100 | 1 |
_aPlauto, Tito Maccio. _992613 |
|
| 245 | 1 | 0 |
_aComedies / _cPlaute ; text revisat i traducció de Marçal Olivar. _n, . IV, _pLa Comedia del Cistellet el corc. |
| 260 |
_aBarcelona : _bFundació Bernat Metge, _c1956. |
||
| 300 |
_a1 v. ; _c21 cm. |
||
| 740 | 0 | _aLa Comedia del Cistellet el corc. | |
| 852 |
_aES-MaACL _jC-20082 _bR.47349 |
||
| 999 |
_c121700 _d121700 |
||